000 00506nam a2200181Ia 4500
001 3285
005 20260306145632.0
008 260306t2012||||xx |||||||||||||| ||spa||
041 _aESP
082 _a262.91
_bP91M
100 _aPablo VI, Papa
_eAUT
245 0 _aMarialis cultus:
_bsobre la recta ordenación y desarrollo del culto a la Santísima Virgen. Exhortación Apostólica
260 _c2012
300 _a62 páginas :
_c20 cm.
650 _aGEN
654 _aCHU
942 _cLIB
_dJUS
_fJUS
_2ddc
_n
999 _c3285
_d3285